| 000 | 00887cam a2200241 a 4500 | ||
|---|---|---|---|
| 999 |
_c23241 _d23241 |
||
| 001 | 11803777 | ||
| 003 | OSt | ||
| 005 | 20200515090755.0 | ||
| 008 | 991006s1999 enk b 001 0 eng d | ||
| 020 | _a9781851681464 | ||
| 040 | _coclc | ||
| 050 | 0 | 0 |
_aBP88.E83 _bO52 1999 |
| 082 | 0 | 0 |
_a297 _bESA/O |
| 100 |
_aEsack, Farid _92194 |
||
| 245 | 1 | 0 |
_aOn being a Muslim : _bfinding a religious path in the world today / _cFarid Esack. |
| 260 |
_aOxford : _bOneworld, _cc1999. |
||
| 300 |
_a212 p. ; _c22 cm. |
||
| 504 | _aIncludes bibliographical references (p. [203]-204) and index. | ||
| 650 | 0 |
_aHistory & geography _vIslamic History _92271 |
|
| 906 |
_a7 _bcbc _corigcop _d3 _encip _f19 _gy-gencatlg |
||
| 942 |
_2ddc _cBK _h297 _iESA/O _k297 _mESA/O |
||